000 00409nam a2200157 i 4500
001 bg
100 1 _aBOGUSLAVSKIJ, L. I.
245 0 _aOrganiceskie poluprovodniki i biopolimery /
_cL.I. Boguslavskij, A.N. Vannikov.
260 _aMoskva,
_c1968.
700 1 _aVANNIKOV, A. V.
040 _cBPK
041 _apol
080 _a537.311.33:661.7
942 _cKS
008 s pl f |000 0 pol
999 _c25735
_d25735
856 _uhttp://koha.tu.koszalin.pl/cgi-bin/koha/opac-detail.pl?biblionumber=25735
_yKatalog online BPK